00478nam a22001577a 4500003000400000005001700004008004100021020000600062040000600068082002500074100002600099245007000125260004100195300001400236440007000250OSt20180116183057.0161024b xxu||||| |||| 00| 0 eng d a0 c0 a891.4391009 SUT 2016 aMuhammad Syheyl Umar  a"That I May See and Tell" Significanec of Iqbal's Wisdom Poetry  aLahorebIqbal Academy Pakistanc2000 a30 p.bPB a"That I May See and Tell" Significanec of Iqbal's Wisdom Poetry